Irish Prepositions - Statistics

General Stats
  • This quiz has been taken 16 times
  • The average score is 12 of 22
Answer Stats
Hint Answer % Correct
very -an
100%
name ainm
88%
in i
88%
but ach
75%
here anseo
75%
each gach
75%
in the sa
75%
this seo
75%
under faoi
63%
or
63%
before roimh
63%
out amach
50%
high/tall ard
50%
also freisin
50%
other eile
38%
can is féidir
38%
if
38%
above/over os cionn
38%
across trasna
38%
back ar ais
13%
low íseal
13%
all go leir/ar fad
0%
No matching quizzes found
Score Distribution
Percent of People with Each Score
Percentile by Number Answered
Your Score History
You have not taken this quiz